[Event "Mittelrhein Regionalliga 16/17"]
[Site "Nordrheinwestfalen"]
[Date "2017.01.08"]
[Round "6.6"]
[White "Esser, Franz Josef"]
[Black "Hoerchens, Joern"]
[Result "1/2-1/2"]
[WhiteElo "2019"]
[BlackElo "1791"]
[PlyCount "73"]
[EventDate "2016.09.11"]
[EventType "team-tourn"]
[EventRounds "11"]
[EventCountry "GER"]
[SourceTitle "EXT 2022"]
[Source "ChessBase"]
[SourceDate "2021.10.06"]
[SourceVersion "1"]
[SourceVersionDate "2021.10.06"]
[SourceQuality "1"]
[WhiteTeam "Aachen SV II"]
[BlackTeam "Dormagen SV"]
[WhiteTeamCountry "GER"]
[BlackTeamCountry "GER"]

1. d4 Nf6 2. c4 g6 3. Nc3 Bg7 4. e4 d6 5. h3 0-0 6. Bg5 c6 7. Nf3 Nbd7 8. Bd3 Qc7 9. 0-0 e5 10. d5 Nc5 11. Bc2 a5 12. Qd2 Nh5 13. g4 Nf6 14. Ne1 h5 15. f3 hxg4 16. hxg4 Nh7 17. Bh4 f5 18. exf5 gxf5 19. gxf5 Bxf5 20. dxc6 bxc6 21. Rd1 Nb7 22. Rf2 Bxc2 23. Qxc2 Qf7 24. Rh2 Qf5 25. Ne4 Rf7 26. Nxd6 Nxd6 27. Rxd6 e4 28. Rxc6 Re8 29. c5 Qf4 30. Qc4 exf3 31. Qxf4 Rxf4 32. Rd6 Bd4+ 33. Kf1 Bxc5 34. Rd3 Re2 35. Rxf3 Rxe1+ 36. Bxe1 Rxf3+ 37. Ke2 1/2-1/2

[Event "Mittelrhein Regionalliga 16/17"]
[Site "Nordrheinwestfalen"]
[Date "2016.11.27"]
[Round "4.8"]
[White "Esser, Franz Josef"]
[Black "Koch, Matthias1"]
[Result "1-0"]
[WhiteElo "2019"]
[BlackElo "2001"]
[PlyCount "65"]
[EventDate "2016.09.11"]
[EventType "team-tourn"]
[EventRounds "11"]
[EventCountry "GER"]
[SourceTitle "EXT 2022"]
[Source "ChessBase"]
[SourceDate "2021.10.06"]
[SourceVersion "1"]
[SourceVersionDate "2021.10.06"]
[SourceQuality "1"]
[WhiteTeam "Aachen SV II"]
[BlackTeam "Bonn Beuel"]
[WhiteTeamCountry "GER"]
[BlackTeamCountry "GER"]

1. d4 Nf6 2. c4 e5 3. dxe5 Ng4 4. Nf3 Nc6 5. e3 Bb4+ 6. Nbd2 Ngxe5 7. Be2 Qe7 8. 0-0 a5 9. Nd4 d6 10. N2b3 a4 11. Nxc6 Nxc6 12. Nd4 Ne5 13. Bd2 Bxd2 14. Qxd2 0-0 15. b4 b6 16. f4 c5 17. fxe5 cxd4 18. exd6 Qxe3+ 19. Qxe3 dxe3 20. Bf3 Rb8 21. Bc6 Be6 22. Rac1 Rfd8 23. Rfd1 e2 24. Rd4 Rbc8 25. Bb5 Kf8 26. Kf2 Bd7 27. Bxd7 Rxd7 28. Kxe2 b5 29. c5 Rc6 30. Re4 f5 31. Rf1 Rf7 32. Re5 g6 33. Kd3 1-0

[Event "Mittelrhein Verbandsliga-W 1112"]
[Site "Germany"]
[Date "2012.03.18"]
[Round "8.1"]
[White "Obere, Roman Franz"]
[Black "Esser, Franz Josef"]
[Result "1/2-1/2"]
[WhiteElo "1837"]
[BlackElo "2079"]
[PlyCount "177"]
[EventDate "2011.09.18"]
[EventType "team-tourn"]
[EventRounds "11"]
[EventCountry "GER"]
[SourceTitle "EXT 2013"]
[Source "ChessBase"]
[SourceDate "2012.11.22"]
[SourceVersion "1"]
[SourceVersionDate "2012.11.22"]
[SourceQuality "1"]
[WhiteTeam "Brand SF"]
[BlackTeam "Aachen II"]
[WhiteTeamCountry "GER"]
[BlackTeamCountry "GER"]

1. d4 c5 2. c3 cxd4 3. cxd4 d5 4. Nf3 Nc6 5. e3 Bf5 6. Bd3 Bxd3 7. Qxd3 Nf6 8. Nc3 e6 9. 0-0 Be7 10. a3 a6 11. b4 b5 12. Bb2 0-0 13. Rac1 Rc8 14. Ne5 Nxe5 15. dxe5 Nd7 16. Ne2 Rc4 17. Rfd1 Nb6 18. Bd4 Rxc1 19. Nxc1 Nc4 20. Qb3 Qb8 21. Nd3 Rc8 22. f4 Rc6 23. Nc5 Qc8 24. Qd3 Bxc5 25. bxc5 Qc7 26. Ra1 Qa5 27. Bc3 Qc7 28. Bd4 g6 29. Kf2 Qa5 30. Bc3 Qd8 31. Bd4 Rc8 32. g3 Qa5 33. Bc3 Qa4 34. Bd4 Kf8 35. g4 Ke8 36. Kg3 Na5 37. Rb1 Qc4 38. Qd1 Nc6 39. Rc1 Qa4 40. Qxa4 bxa4 41. Rb1 Rb8 42. Rb6 Rxb6 43. cxb6 Nxd4 44. exd4 Kd7 45. h4 Kc6 46. h5 Kxb6 47. Kh4 gxh5 48. Kxh5 Kb5 49. Kh6 Kc4 50. Kg7 Kxd4 51. Kxf7 Ke4 52. Kxe6 d4 53. Kf6 d3 54. e6 d2 55. e7 d1Q 56. e8Q+ Kxf4 57. Qe5+ Kxg4 58. Qg5+ Kh3 59. Qe3+ Kg2 60. Qg5+ Kf2 61. Qc5+ Ke1 62. Qg1+ Kd2 63. Qd4+ Kc1 64. Qa1+ Kc2 65. Qa2+ Kc3 66. Qe6 Qd4+ 67. Kg5 Kb2 68. Qxa6 Qg7+ 69. Kf4 Qf7+ 70. Ke5 Qe7+ 71. Kf4 Kxa3 72. Qd3+ Kb4 73. Qd2+ Kb5 74. Qd3+ Kb6 75. Qd4+ Kb7 76. Qd5+ Kc7 77. Qa5+ Kc8 78. Qa8+ Kc7 79. Qa5+ Kd6 80. Qb6+ Kd5 81. Qb5+ Ke6 82. Qc4+ Kd6 83. Qb4+ Ke6 84. Qc4+ Kf6 85. Qxa4 Qe5+ 86. Kf3 Qh5+ 87. Qg4 Qh1+ 88. Qg2 Qd1+ 89. Qe2 1/2-1/2

[Event "Oberliga NRW 0304"]
[Site "Germany"]
[Date "2004.03.28"]
[Round "8.8"]
[White "Esser, Franz Josef"]
[Black "Friedl, Thomas"]
[Result "1/2-1/2"]
[WhiteElo "2092"]
[BlackElo "2134"]
[PlyCount "133"]
[EventDate "2003.09.28"]
[EventType "team-tourn"]
[EventRounds "9"]
[EventCountry "GER"]
[SourceTitle "CBM 098 Extra"]
[Source "ChessBase"]
[SourceDate "2004.03.10"]
[SourceVersion "2"]
[SourceVersionDate "2004.03.10"]
[SourceQuality "1"]
[WhiteTeam "Aachen"]
[BlackTeam "Castrop Rauxel"]
[WhiteTeamCountry "GER"]
[BlackTeamCountry "GER"]

1. d4 f5 2. Bg5 c6 3. Nf3 Qb6 4. Qc1 d5 5. Nbd2 Be6 6. e3 Nd7 7. Bf4 Ngf6 8. Bd3 Ne4 9. 0-0 g6 10. Ne5 Nxe5 11. Bxe5 Nxd2 12. Qxd2 Rg8 13. a4 Bg7 14. Bg3 Bf6 15. a5 Qd8 16. Qb4 Qd7 17. Ra3 h5 18. Rb3 h4 19. Be5 Bxe5 20. dxe5 Rb8 21. Qc5 Ra8 22. Qb4 Rb8 23. Qa4 Ra8 24. Qxh4 Kf7 25. Qb4 Rab8 26. Qd4 Ra8 27. c4 c5 28. Qc3 Rac8 29. Rc1 d4 30. exd4 cxd4 31. Qb4 Rc7 32. Be2 Rgc8 33. Rh3 Kg7 34. b3 Rh8 35. Rxh8 Kxh8 36. Qd2 Kg7 37. Rd1 b6 38. axb6 axb6 39. Qxd4 Qxd4 40. Rxd4 Ra7 41. f4 Ra2 42. Kf2 Rb2 43. Rd3 b5 44. cxb5 Bxb3 45. Ke3 Bc4 46. Rd2 Rb3+ 47. Kd4 Bxe2 48. Rxe2 Rxb5 49. Ke3 Kf7 50. Kf3 Rb4 51. Kg3 Rb3+ 52. Kh4 Rb8 53. Ra2 Rh8+ 54. Kg3 Rb8 55. Ra3 Rb4 56. h3 Rc4 57. Rf3 Rc8 58. Kh2 Rc2 59. Kg1 Rc1+ 60. Rf1 Rc3 61. Rf2 Rb3 62. Kh2 Re3 63. g4 fxg4 64. hxg4 g5 65. fxg5+ Kg6 66. Rf5 e6 67. Rf6+ 1/2-1/2

[Event "Oberliga NRW 0203 II"]
[Site "Germany"]
[Date "2003.05.04"]
[Round "9.8"]
[White "Esser, Franz Josef"]
[Black "Scho, Christian"]
[Result "1-0"]
[WhiteElo "2064"]
[BlackElo "2169"]
[PlyCount "97"]
[EventDate "2002.10.06"]
[EventType "team-tourn"]
[EventRounds "9"]
[EventCountry "GER"]
[SourceTitle "EXT 2004"]
[Source "ChessBase"]
[SourceDate "2003.11.25"]
[SourceVersion "1"]
[SourceVersionDate "2003.11.25"]
[SourceQuality "1"]
[WhiteTeam "Aachen"]
[BlackTeam "Gesch"]
[WhiteTeamCountry "GER"]
[BlackTeamCountry "GER"]

1. d4 d5 2. c4 e6 3. Nc3 dxc4 4. a4 e5 5. e3 exd4 6. exd4 Be6 7. Nf3 Nf6 8. Ne5 Be7 9. Be2 0-0 10. 0-0 Na6 11. Nxc4 Nb4 12. Bg5 h6 13. Bh4 Bf5 14. Ne3 Bh7 15. Qd2 Re8 16. Rfd1 Ne4 17. Nxe4 Bxe4 18. Bg3 a5 19. Bc4 Nd5 20. f3 Bb4 21. Qf2 Nxe3 22. Bxf7+ Kxf7 23. fxe4+ Qf6 24. Qxe3 Qe6 25. Be5 Kg8 26. Qg3 Qe7 27. Rf1 Rf8 28. Rf5 Rxf5 29. exf5 Qg5 30. Qf3 Rf8 31. Rf1 Kh7 32. Qe4 Kh8 33. h3 Be7 34. Bxc7 Bb4 35. Qe6 Qf6 36. Qe4 Bd6 37. Bxa5 Bb8 38. Bc3 Qd6 39. Qe5 Qd7 40. Qe3 Qd6 41. Qe5 Qd8 42. Qe2 Qd6 43. g4 Ba7 44. Qe3 Rd8 45. f6 g5 46. Rf3 Kg8 47. Qe4 Qf8 48. f7+ Kg7 49. Qe5+ 1-0